| 000 | 00650nam a22001577a 4500 | ||
|---|---|---|---|
| 020 | _a978-1-84812-647-3 | ||
| 082 |
_a813.6 _bBAR/G |
||
| 100 | _aBarnhill,Kelly | ||
| 245 | _aThe Girl who drank the moon | ||
| 246 |
_amoon magic _bImpossible to get down by newyork times |
||
| 260 |
_alondon _bPiccadilly _c2017 |
||
| 300 | _a386 | ||
| 520 | _aLuna, The Girl Who Drank the Moon, is a young girl "enmagicked" by moonlight and raised by a loving witch she knows as Grandmama. There are multiple characters -- one unexpectedly evil -- in this seamless story, and the values are solidly peace-loving and open-hearted. | ||
| 650 | _amoon magic | ||
| 942 | _cBK | ||
| 999 |
_c201 _d201 |
||